000 00665nam a22001931a 4500
001 19316
003 OSt
005 20260204212448.0
008 190426s2016||||dr ||||||b||||||||||spa||
020 _a9788497293631
082 _a796.332 077 P619m
100 _aPiernas Cárdenas, Sergio
245 _aMetodología de enseñanza en el fútbol:materiales adecuados para la formación de técnicos deportivos en fútbol/Sergio Piernas Cárdenas, Iván Rafael Díaz Infantes
264 _aBarcelona, España:INDE
300 _a149 Páginas
650 _aDeporte 2.Fútbol 3.Metodología de enseñanza
700 _aDíaz Infantes, Iván RafelÌ
942 _2ddc
_cBK
999 _c19316
_d19316